Rádiové riadenie čerpadla

Salvato in:
Dettagli Bibliografici
Autore principale: Vavruš, Samuel (Autore)
Altri autori: Slačka, Juraj (Relatore della tesi)
Natura: Manoscritto Libro
Lingua:slovacco
Pubblicazione: Bratislava : STU v Bratislave FEI, 2025
Soggetti:
Accesso online:https://opac.crzp.sk/?fn=detailBiblioFormChildCDRKP&sid=BA75C2D62745AD5727EF949ED92F&seo=CRZP-detail-kniha
Tags: Aggiungi Tag
Nessun Tag, puoi essere il primo ad aggiungerne!!

MARC

LEADER 00000ntm a22000003a 4500
001 stuzp101964
003 SK-STU
005 20260210130918.0
007 ta
008 150427s2015----xo-----f-mn---000-0-slo-d
040 |a STU  |b slo 
041 0 |a slo 
044 |a xo 
100 1 |a Vavruš, Samuel  |u 031000  |4 aut  |U FEI Fakulta elektrotechniky a informatiky  |T FEI Ústav robotiky a kybernetiky  |X 120557  |U E011  |Y 356  |7 120557 
242 0 1 |a Wireless Control of Well Pump  |y eng 
245 1 0 |a Rádiové riadenie čerpadla 
260 |a Bratislava :  |b STU v Bratislave FEI,  |c 2025 
300 |a 49 s. 
650 4 |a LoRa komunikácia  |2 slo 
650 4 |a STM32 mikrokontrolér  |2 slo 
650 4 |a PID regulátor  |2 slo 
650 4 |a LoRa communication  |2 eng 
650 4 |a STM32 microcontroller  |2 eng 
650 4 |a PID controller  |2 eng 
700 1 |a Slačka, Juraj  |u 031000  |k Z1  |4 ths  |U FEI Fakulta elektrotechniky a informatiky  |T FEI Ústav robotiky a kybernetiky  |X 50837  |U E011  |Y 356  |7 A000050837 
856 4 |u https://opac.crzp.sk/?fn=detailBiblioFormChildCDRKP&sid=BA75C2D62745AD5727EF949ED92F&seo=CRZP-detail-kniha